World Capitals Closest to Cairo - Statistics

General Stats
  • This quiz has been taken 118 times
  • The average score is 15 of 20
Answer Stats
km capital % Correct
423 Jerusalem
95%
490 Amman
91%
1634 Riyadh
91%
1123 Athens
90%
1110 Ankara
89%
584 Beirut
89%
1742 Tripoli
88%
604 Nicosia
87%
611 Damascus
84%
1625 Khartoum
79%
1292 Baghdad
75%
1615 Kuwait City
72%
1576 Sofia
72%
1624 Tirana
72%
1596 Skopje
70%
1692 Valletta
63%
1668 Pristina
61%
1663 Bucharest
57%
428 Ramallah
52%
1648 Yerevan
48%
No matching quizzes found
Score Distribution
Percent of People with Each Score
Percentile by Number Answered
Your Score History
You have not taken this quiz